Modern American capitalism ; ideologies and issues /

Bibliographic Details
Main Author: Monsen, R. Joseph
Format: Book
Language:English
Published: Boston : Houghton Mifflin, [1963]
Subjects:

MARC

Tag First Indicator Second Indicator Subfields
LEADER 00000cam a2200000 4500
001 in00000057492
005 20151007082145.0
008 720606s1963 eng u
010 |a  63002106  
035 |a (OCoLC)00326277 
035 |9 AAF7457AM 
040 |c CSU  |d OCL  |d TXA  |d UtOrBLW 
049 |a TXAM  |c 2 [428592]  |c 5 [428594] 
090 |a HB119.A2  |b M6 
092 |a 330.15  |b M754m 
100 1 |a Monsen, R. Joseph. 
245 1 0 |a Modern American capitalism ;  |b ideologies and issues /  |c Under the editorship of Jesse W. Markham. 
264 1 |a Boston :  |b Houghton Mifflin,  |c [1963] 
264 4 |c [©1963] 
300 |a 142p. ;  |c 22cm. 
336 |a text  |b txt  |2 rdacontent 
337 |a unmediated  |b n  |2 rdamedia 
338 |a volume  |b nc  |2 rdacarrier 
650 0 |a Economics  |x History  |z United States. 
650 0 |a Capitalism. 
650 0 |a Economic assistance, American. 
999 |a MARS 
999 f f |s bf2e0074-75dc-3bd0-bda2-802ca20db478  |i 926086ba-af49-381c-9f6a-60ee390452f9  |t 0 
952 f f |p ric  |a Texas A&M University  |b Rellis Campus  |c Joint Library Facility  |d Remote Storage  |t 0  |e HB119.A2 M6  |h Library of Congress classification  |i unmediated -- volume  |m A14800693729 
998 f f |a HB119.A2 M6  |t 0  |l Remote Storage